00386nam a22001337a 450000500170000000800410001702000180005804100080007608200100008410000220009424500720011626000550018830000090024320160426152327.0160426b xxu||||| |||| 00| 0 eng d a81-203-0162-5 aeng b00150 aWagnor, Harvey M. aPrinciples of Operations Research (With Appl. To Managr. Decisions) aNew DelhibPractice Hall of India (p) Ltd., c2004 a1039